[Event "FIDE WGP Ankara 2012"]
[Site "Ankara TUR"]
[Date "2012.09.16"]
[Round "1"]
[White "Socko, Monika"]
[Black "Cmilyte, Viktorija"]
[Result "0-1"]
[WhiteTitle "GM"]
[BlackTitle "GM"]
[WhiteElo "2463"]
[BlackElo "2520"]
[WhiteFideId "1106619"]
[BlackFideId "12801259"]
[EventDate "2012.09.16"]

1. e4 c5 2. Nf3 d6 3. d4 Nf6 4. Nc3 cxd4 5. Nxd4 a6 6. Be3 e5 7. Nf3 Be7 8. Bc4
Qc7 9. Qe2 O-O 10. a4 Nc6 11. O-O Na5 12. Nd2 Be6 13. Bxe6 fxe6 14. f4 exf4 15.
Rxf4 Rac8 16. Raf1 Nc4 17. Nxc4 Qxc4 18. Qd3 Nd7 19. Rxf8+ Bxf8 20. Bd4 Ne5 21.
Bxe5 Qxd3 22. cxd3 dxe5 23. Kf2 Be7 24. Ke2 b5 25. axb5 axb5 26. Nxb5 Rc2+ 27.
Kf3 Rxb2 28. Nc3 Rb3 29. Rc1 Ba3 30. Rc2 Bb4 31. Nd1 Rxd3+ 32. Ke2 Rd4 33. Nf2
Be7 34. Kf3 h5 35. g3 g5 36. h3 Kf7 37. Ke3 Ra4 38. g4 h4 39. Nd3 Ra3 40. Rc8
Kf6 41. Rc2 Bd8 42. Rf2+ Ke7 43. Rb2 Bc7 44. Rb7 Kd6 45. Rb5 Kc6 46. Rc5+ Kd7
47. Rb5 Bd6 48. Ke2 Kc6 49. Rb2 Ra1 50. Ne1 Ra4 51. Nf3 Rxe4+ 52. Kd3 Ra4 53.
Nxg5 Kd5 54. Ke2 Bc5 55. Rb5 Ra2+ 56. Kf1 Kc4 57. Rb8 Be3 58. Rc8+ Kd3 59. Rd8+
Bd4 60. Nxe6 Rf2+ 61. Ke1 Rf3 62. Nxd4 exd4 63. Ra8 Re3+ 64. Kf2 Rg3 65. Rg8
Rxh3 66. g5 Rg3 67. g6 Kd2 68. g7 d3 69. Kf1 h3 70. Rh8 Rxg7 71. Rxh3 Rf7+ 72.
Kg1 Ke2 73. Rh8 Rg7+ 74. Kh2 d2 75. Re8+ Kd1 76. Kh3 Rd7 0-1

[Event "FIDE WGP Ankara 2012"]
[Site "Ankara TUR"]
[Date "2012.09.16"]
[Round "1"]
[White "Munguntuul, Batkhuyag"]
[Black "Kosintseva, Tatiana"]
[Result "1/2-1/2"]
[WhiteTitle "IM"]
[BlackTitle "GM"]
[WhiteElo "2434"]
[BlackElo "2524"]
[WhiteFideId "4900758"]
[BlackFideId "4133471"]
[EventDate "2012.09.16"]

1. e4 e5 2. Nf3 Nc6 3. Bb5 a6 4. Ba4 Nf6 5. O-O Be7 6. Qe2 b5 7. Bb3 O-O 8. c3
d5 9. d3 Bb7 10. Nbd2 Re8 11. a3 h6 12. Re1 Qd7 13. exd5 Nxd5 14. Ne4 Rad8 15.
Bd2 Qg4 16. h3 Qg6 17. Rad1 f5 18. Ng3 Bf6 19. Nh2 Kh7 20. Qh5 Qxh5 21. Nxh5 Be7
22. Ng3 g6 23. Nf3 Bf6 24. Bc2 Nb8 25. h4 h5 26. Ng5+ Kg7 27. d4 e4 28. Ne2 Nd7
29. Nf4 Nf8 30. Bb3 Rd7 31. a4 Bxg5 32. hxg5 Nxf4 33. Bxf4 Ne6 34. Bxe6 Rxe6 35.
axb5 axb5 36. Ra1 Bd5 37. Ra7 Rc6 38. Rea1 b4 39. cxb4 Rc2 40. Rc1 Rxc1+ 41.
Bxc1 Bc4 42. Bf4 Kf7 43. Kh2 Ke6 44. Be5 c6 45. Ra8 Ke7 46. Rc8 Bd5 47. Rb8 Bc4
48. b5 Bxb5 49. Rg8 f4 50. Rxg6 e3 51. fxe3 fxe3 52. Kg3 e2 53. Kf2 Ke8 54. Rh6
Rf7+ 55. Bf6 Kd7 56. Rxh5 Ke6 57. Rh3 Ra7 58. Re3+ Kf5 59. Re5+ Kg6 60. Rxb5
cxb5 61. Kxe2 Kf5 62. Kd3 Ra1 63. Kc3 Rg1 64. Kb4 Rxg2 65. d5 Rd2 66. Kxb5 Rxd5+
67. Kc6 Rd2 68. b4 Ke6 69. b5 Rc2+ 70. Kb7 Rg2 71. b6 Kd7 72. Kb8 Rg4 73. b7 Rg3
74. Be5 Rxg5 75. Ka7 Rg8 76. b8=Q Rxb8 1/2-1/2

[Event "FIDE WGP Ankara 2012"]
[Site "Ankara TUR"]
[Date "2012.09.17"]
[Round "2"]
[White "Koneru, Humpy"]
[Black "Zhao, Xue"]
[Result "1/2-1/2"]
[WhiteTitle "GM"]
[BlackTitle "GM"]
[WhiteElo "2593"]
[BlackElo "2549"]
[WhiteFideId "5008123"]
[BlackFideId "8601283"]
[EventDate "2012.09.16"]

1. Nf3 Nf6 2. c4 e6 3. g3 b6 4. Bg2 Bb7 5. O-O c5 6. Nc3 Be7 7. d4 cxd4 8. Qxd4
d6 9. b3 Nbd7 10. Rd1 a6 11. e4 Qc8 12. Bb2 O-O 13. h3 Rd8 14. Qe3 Qc7 15. Rd2
Rac8 16. Nd4 Bf8 17. Re1 Qb8 18. Qe2 Re8 19. Nc2 Nc5 20. b4 Ncd7 21. f4 Red8 22.
Red1 Qc7 23. Ne3 h6 24. a3 Nh7 25. h4 Be7 26. Bf3 Ndf8 27. Qf2 Qb8 28. Qe2 Qc7
29. Rd3 Qb8 30. R3d2 Qc7 31. Rd3 Qb8 32. R3d2 1/2-1/2

[Event "FIDE WGP Ankara 2012"]
[Site "Ankara TUR"]
[Date "2012.09.17"]
[Round "2"]
[White "Ruan, Lufei"]
[Black "Socko, Monika"]
[Result "1-0"]
[WhiteTitle "WGM"]
[BlackTitle "GM"]
[WhiteElo "2492"]
[BlackElo "2463"]
[WhiteFideId "8602727"]
[BlackFideId "1106619"]
[EventDate "2012.09.16"]

1. e4 e6 2. d4 d5 3. Nc3 Bb4 4. e5 c5 5. a3 Bxc3+ 6. bxc3 Qa5 7. Bd2 Qa4 8. Qb1
a6 9. Qb3 Qxb3 10. cxb3 Nc6 11. dxc5 Nxe5 12. f4 Nc6 13. Nf3 Nf6 14. b4 Ne4 15.
Bd3 O-O 16. O-O Nxd2 17. Nxd2 e5 18. fxe5 Nxe5 19. Bc2 Bd7 20. Nf3 Nxf3+ 21.
Rxf3 Bc6 22. Rd3 Rfd8 23. Bb3 Rd7 24. Rad1 Rad8 25. Rd4 Kf8 26. Kf2 g6 27. R1d2
h6 28. Bd1 Ke7 29. Ke3 Ke6 30. Bb3 Ke5 31. g3 f5 32. Re2 Bb5 33. Re1 g5 34. a4
Bc6 35. Bc2 Rf8 36. Kd2+ Kf6 37. Bxf5 Re7 38. Bc2 Rxe1 39. Kxe1 Ke5 40. Rd2 Rd8
41. Re2+ Kf6 42. Kd2 d4 43. cxd4 Rxd4+ 44. Kc3 Rd7 45. Bb3 Kg7 46. Re5 Rc7 47.
Kd4 Rd7+ 48. Ke3 Rc7 49. Re6 Bh1 50. Bc2 a5 51. Rg6+ Kf8 52. Rxh6 axb4 53. Rh8+
Ke7 54. Rh7+ Kd8 55. Rxc7 Kxc7 56. Kd4 Kc6 57. Kc4 b6 58. cxb6 Kxb6 59. Kxb4 Bf3
60. h4 gxh4 61. gxh4 Bh5 62. Be4 Ka6 63. a5 Ka7 64. Bd3 Kb7 65. Kc5 Kc7 66. Bb5
Bf3 67. Be8 Bb7 68. h5 Kd8 69. Bc6 Bc8 70. h6 1-0

[Event "FIDE WGP Ankara 2012"]
[Site "Ankara TUR"]
[Date "2012.09.17"]
[Round "2"]
[White "Munguntuul, Batkhuyag"]
[Black "Muzychuk, Anna"]
[Result "1/2-1/2"]
[WhiteTitle "IM"]
[BlackTitle "GM"]
[WhiteElo "2434"]
[BlackElo "2606"]
[WhiteFideId "4900758"]
[BlackFideId "14111330"]
[EventDate "2012.09.16"]

1. e4 e5 2. Nf3 Nc6 3. Bb5 a6 4. Ba4 Nf6 5. O-O Be7 6. Qe2 b5 7. Bb3 O-O 8. c3
d5 9. d3 Bb7 10. Nbd2 Re8 11. a3 Qd7 12. Re1 Bf8 13. Ba2 h6 14. exd5 Nxd5 15.
Ne4 Kh8 16. Nfg5 f6 17. Nf3 Nd8 18. Nh4 Ne6 19. Qg4 Qf7 20. Qf5 Rad8 21. Ng6+
Kg8 22. Bxh6 Bc8 23. Nxf8 Rxf8 24. Qf3 gxh6 25. Bxd5 Rxd5 26. Nxf6+ Qxf6 27.
Qxd5 Qxf2+ 28. Kh1 Qf5 29. Qxe5 Qxe5 30. Rxe5 Rf2 31. b3 Kf7 32. Kg1 Rc2 33.
Rf1+ Ke7 34. d4 Kd6 35. Re3 Bb7 36. Rf2 Rc1+ 37. Rf1 Rc2 38. Rf2 Rc1+ 39. Rf1
Rc2 40. Rf2 Rc1+ 41. Rf1 1/2-1/2

[Event "FIDE WGP Ankara 2012"]
[Site "Ankara TUR"]
[Date "2012.09.18"]
[Round "3"]
[White "Socko, Monika"]
[Black "Ju, Wenjun"]
[Result "1/2-1/2"]
[WhiteTitle "GM"]
[BlackTitle "WGM"]
[WhiteElo "2463"]
[BlackElo "2528"]
[WhiteFideId "1106619"]
[BlackFideId "8603006"]
[EventDate "2012.09.16"]

1. d4 Nf6 2. c4 g6 3. Nc3 Bg7 4. e4 d6 5. Nf3 O-O 6. Be2 e5 7. O-O Nc6 8. d5 Ne7
9. b4 Nh5 10. Re1 f5 11. Ng5 Nf6 12. Bf3 c6 13. dxc6 bxc6 14. exf5 gxf5 15. b5
e4 16. Be2 c5 17. a4 Kh8 18. Ra3 h6 19. Nh3 Be6 20. Nf4 Bf7 21. Bb2 Kh7 22. Qd2
Nd7 23. Ncd5 Bxb2 24. Qxb2 Nxd5 25. cxd5 Ne5 26. Qd2 Rg8 27. Rg3 Qh4 28. a5 Ng6
29. Nxg6 Rxg6 30. Rxg6 Kxg6 31. b6 axb6 32. axb6 Qg5 33. Qc3 Rb8 34. Bf1 Kh7 35.
Qb3 Qd2 36. Ra1 Qxd5 37. Qb5 c4 38. Qb1 Qc6 39. Ra7 Rxb6 40. Qa1 Rb7 41. Ra6 Qd5
42. Qf6 Qe5 43. Qd8 c3 44. Rxd6 c2 45. Rc6 Rb1 46. Qf8 Rxf1+ 47. Kxf1 Qa1+ 48.
Ke2 Qd1+ 49. Ke3 c1=Q+ 50. Rxc1 Qxc1+ 51. Kd4 Qd2+ 52. Ke5 Qd5+ 53. Kf4 Kg6 54.
h4 Qd2+ 55. Kg3 f4+ 56. Kh2 Qd5 57. Qb8 Qf5 58. Qd6+ Kh7 59. Qe7 Qe6 60. Qc7 e3
61. Qc2+ Kg8 62. Qe2 exf2 63. Qxf2 Qe3 64. Qb2 Qg3+ 65. Kg1 Qe1+ 66. Kh2 Qxh4+
67. Kg1 Qe1+ 68. Kh2 Qg3+ 69. Kh1 f3 70. gxf3 Bd5 71. Qh8+ Kf7 72. Qf6+ Kg8 73.
Qh8+ Kf7 74. Qf6+ Kxf6 1/2-1/2

[Event "FIDE WGP Ankara 2012"]
[Site "Ankara TUR"]
[Date "2012.09.18"]
[Round "3"]
[White "Zhao, Xue"]
[Black "Cmilyte, Viktorija"]
[Result "0-1"]
[WhiteTitle "GM"]
[BlackTitle "GM"]
[WhiteElo "2549"]
[BlackElo "2520"]
[WhiteFideId "8601283"]
[BlackFideId "12801259"]
[EventDate "2012.09.16"]

1. d4 f5 2. c4 Nf6 3. Nf3 d6 4. g3 g6 5. Bg2 Bg7 6. O-O O-O 7. Nc3 c6 8. Rb1 a5
9. Qb3 Kh8 10. d5 Na6 11. dxc6 bxc6 12. Nd4 Rb8 13. Qd1 Nb4 14. Nxc6 Nxc6 15.
Bxc6 Qc7 16. Bb5 Be6 17. Qd3 Qb7 18. Bf4 Nh5 19. Rfd1 Nxf4 20. gxf4 Rfc8 21. Nd5
Rc5 22. a4 Rg8 23. Qf3 Bc8 24. b4 axb4 25. a5 Qa7 26. a6 Bxa6 27. Ra1 Bxa1 28.
Rxa1 g5 29. Rxa6 gxf4+ 30. Kh1 Qb7 31. Ra1 e5 32. Nxb4 Qg7 33. Rc1 e4 34. Qc3
Re5 35. Qh3 Re6 36. Nd5 f3 37. Nf4 Rh6 38. Qf1 Qg5 39. e3 Qh4 40. h3 Rg2 41.
Qxg2 fxg2+ 42. Kxg2 Qg5+ 43. Kh2 Rh4 44. Rg1 Qh6 45. Kg3 Qg7+ 46. Kh2 Qe5 47.
Kg3 Rxf4 48. exf4 Qc3+ 0-1

[Event "FIDE WGP Ankara 2012"]
[Site "Ankara TUR"]
[Date "2012.09.18"]
[Round "3"]
[White "Muzychuk, Anna"]
[Black "Kosintseva, Tatiana"]
[Result "1-0"]
[WhiteTitle "GM"]
[BlackTitle "GM"]
[WhiteElo "2606"]
[BlackElo "2524"]
[WhiteFideId "14111330"]
[BlackFideId "4133471"]
[EventDate "2012.09.16"]

1. e4 e5 2. Nf3 Nc6 3. Nc3 Nf6 4. d4 exd4 5. Nxd4 Bb4 6. Nxc6 bxc6 7. Bd3 d5 8.
exd5 cxd5 9. Qe2+ Be7 10. O-O O-O 11. Bf4 c5 12. Rad1 Bg4 13. f3 Be6 14. Bc4 Re8
15. Bb5 Bd7 16. Nxd5 Nxd5 17. Rxd5 Bxb5 18. Rxd8 Bxe2 19. Rxa8 Rxa8 20. Re1 Bf6
21. Rxe2 Bxb2 22. Re7 Bd4+ 23. Kf1 h6 24. Ke2 g5 25. Bg3 a6 26. Kd3 Rc8 27. Kc4
Rc6 28. c3 Bf6 29. Rd7 Kg7 30. Rd6 Rc8 31. Rxa6 Re8 32. a4 Re2 33. Rc6 Rc2 34.
Rxc5 Rxc3+ 35. Kb4 Rd3 36. Be5 Rd2 37. Bxf6+ Kxf6 38. a5 Rxg2 39. a6 Rb2+ 40.
Ka5 Rxh2 41. Kb6 Re2 42. a7 Re8 43. Ra5 h5 44. a8=Q Rxa8 45. Rxa8 Ke5 46. Kc5 h4
47. Rf8 f5 48. Kc4 Kf4 49. Kd3 Kxf3 50. Rxf5+ Kg4 51. Rf8 Kg3 52. Ke2 g4 53. Kf1
Kh2 54. Rf4 h3 55. Rxg4 Kh1 56. Kf2 1-0

[Event "FIDE WGP Ankara 2012"]
[Site "Ankara TUR"]
[Date "2012.09.19"]
[Round "4"]
[White "Kosintseva, Tatiana"]
[Black "Koneru, Humpy"]
[Result "0-1"]
[WhiteTitle "GM"]
[BlackTitle "GM"]
[WhiteElo "2524"]
[BlackElo "2593"]
[WhiteFideId "4133471"]
[BlackFideId "5008123"]
[EventDate "2012.09.16"]

1. e4 e5 2. Nf3 Nc6 3. d4 exd4 4. Nxd4 Bc5 5. Nb3 Bb4+ 6. c3 Be7 7. g3 Nf6 8.
Bg2 O-O 9. O-O Re8 10. c4 a5 11. Nc3 a4 12. Nd2 a3 13. b3 Bc5 14. Nb5 d6 15. h3
h5 16. Kh1 Bd7 17. f3 Qc8 18. Kh2 Ne5 19. Nb1 Bxb5 20. cxb5 d5 21. Nc3 dxe4 22.
Nxe4 Nxe4 23. fxe4 h4 24. gxh4 Qe6 25. Bf4 Rad8 26. Qh5 Bd6 27. Kh1 Ng6 28. Bxd6
Rxd6 29. Qg5 Qd7 30. h5 Re5 31. Rf5 Rd1+ 32. Rxd1 Qxd1+ 33. Kh2 Rxf5 34. exf5
Qd6+ 35. Qg3 Nf4 36. h6 Qxh6 37. Bxb7 Qd6 38. Bg2 Qe5 39. b4 Qd6 40. f6 g6 41.
Bf1 Qxb4 42. Qe3 Qb2+ 43. Kg1 Ne6 44. Bc4 Qxf6 45. Bxe6 Qxe6 46. Qxa3 Qb6+ 47.
Kg2 Qxb5 48. Qa8+ Kg7 49. a4 Qb2+ 50. Kg3 c5 51. a5 c4 52. Qd5 Qa3+ 53. Kg2 c3
54. Qd4+ f6 55. a6 Qa2+ 56. Kg3 Qd2 57. Qa7+ Kh6 58. Qa8 Qd6+ 59. Kf3 Qd3+ 60.
Kg2 c2 61. Qf8+ Kh5 62. Qc5+ f5 63. a7 Qd2+ 64. Qf2 Qd5+ 65. Kh2 c1=Q 66. a8=Q
Qc7+ 0-1

[Event "FIDE WGP Ankara 2012"]
[Site "Ankara TUR"]
[Date "2012.09.19"]
[Round "4"]
[White "Ruan, Lufei"]
[Black "Zhao, Xue"]
[Result "1/2-1/2"]
[WhiteTitle "WGM"]
[BlackTitle "GM"]
[WhiteElo "2492"]
[BlackElo "2549"]
[WhiteFideId "8602727"]
[BlackFideId "8601283"]
[EventDate "2012.09.16"]

1. e4 e5 2. Nf3 Nc6 3. d4 exd4 4. Nxd4 Nf6 5. Nxc6 bxc6 6. e5 Qe7 7. Qe2 Nd5 8.
c4 Ba6 9. b3 g6 10. g3 Bg7 11. Bb2 O-O 12. Bg2 Rae8 13. O-O Bxe5 14. Qxe5 Qxe5
15. Bxe5 Rxe5 16. cxd5 Bxf1 17. Kxf1 cxd5 18. Nc3 c6 19. Rd1 f5 20. Bf3 Rfe8 21.
Na4 Kf7 22. Nc5 Ke7 23. Nd3 Re6 24. Nc5 Re5 25. Rd4 Kd6 26. Nd3 R5e7 27. Ra4 Ra8
28. Ra6 Ree8 29. h4 Kc7 30. b4 Reb8 31. Ke2 Rb6 32. Ra5 Re8+ 33. Kd2 a6 34. Rc5
d6 35. Rc1 Kd7 36. a3 Rbb8 37. Kc3 a5 38. Rb1 Rb5 39. Kb3 Rb6 40. Kc2 axb4 41.
axb4 Ra8 42. Rb2 Ra3 43. Bg2 Ke7 44. Nf4 Kf7 45. Bf1 h6 46. b5 d4 47. bxc6 Rc3+
48. Kb1 Rxb2+ 49. Kxb2 Rxc6 50. Ne2 d3 51. Nc3 d2 52. Be2 d5 53. Bf3 Rc5 54. Nb1
f4 55. g4 Ke6 56. Nxd2 Ke5 57. Be2 d4 58. Bd3 Rc6 59. Nf3+ Kd5 60. Nd2 Ke5 61.
Nf3+ Kd5 62. Nd2 Ke5 63. Nf3+ 1/2-1/2

[Event "FIDE WGP Ankara 2012"]
[Site "Ankara TUR"]
[Date "2012.09.19"]
[Round "4"]
[White "Munguntuul, Batkhuyag"]
[Black "Socko, Monika"]
[Result "1-0"]
[WhiteTitle "IM"]
[BlackTitle "GM"]
[WhiteElo "2434"]
[BlackElo "2463"]
[WhiteFideId "4900758"]
[BlackFideId "1106619"]
[EventDate "2012.09.16"]

1. d4 Nf6 2. Nf3 e6 3. e3 c5 4. Bd3 b6 5. O-O Bb7 6. Nbd2 Be7 7. b3 O-O 8. Bb2
d6 9. Qe2 Nbd7 10. c4 Re8 11. Rfd1 Qc7 12. e4 cxd4 13. Nxd4 Rad8 14. Rac1 Qb8
15. Bb1 Bf8 16. h3 d5 17. N4f3 dxe4 18. Nxe4 Nxe4 19. Bxe4 Bxe4 20. Qxe4 Nc5 21.
Qc2 Qf4 22. Rxd8 Rxd8 23. Rd1 Qf5 24. Qe2 Rxd1+ 25. Qxd1 Nd3 26. Bd4 h6 27. Be3
Bc5 28. Qd2 Bxe3 29. Qxe3 Nf4 30. a4 g5 31. Ne5 Qb1+ 32. Kh2 Qf1 33. Qf3 Kg7 34.
g3 Qxh3+ 35. Kg1 h5 36. gxf4 Qf5 37. Qxh5 Qxf4 38. Ng4 Kf8 39. Ne3 Qe4 40. a5
Qb1+ 41. Kg2 Qxb3 42. Qxg5 Qb2 43. Qd8+ Kg7 44. Qc7 Qb4 45. a6 Qb1 46. Qf4 f5
47. Qc7+ Kf6 48. Qxa7 Qe4+ 49. Kg1 f4 50. Ng4+ Kg5 51. Qg7+ Kh4 52. Nh2 Qb1+ 53.
Nf1 1-0

[Event "FIDE WGP Ankara 2012"]
[Site "Ankara TUR"]
[Date "2012.09.21"]
[Round "5"]
[White "Socko, Monika"]
[Black "Muzychuk, Anna"]
[Result "0-1"]
[WhiteTitle "GM"]
[BlackTitle "GM"]
[WhiteElo "2463"]
[BlackElo "2606"]
[WhiteFideId "1106619"]
[BlackFideId "14111330"]
[EventDate "2012.09.16"]

1. d4 d5 2. c4 c6 3. cxd5 cxd5 4. Nc3 Nf6 5. Bf4 Nc6 6. e3 Bf5 7. Qb3 Na5 8.
Bb5+ Bd7 9. Qa4 e6 10. Nf3 a6 11. Bxd7+ Nxd7 12. O-O Be7 13. Rac1 Nc4 14. Qc2
O-O 15. b3 Na3 16. Qd3 Rc8 17. e4 Nf6 18. e5 Nd7 19. Ne2 Rxc1 20. Rxc1 Nb8 21.
h4 h6 22. h5 Qd7 23. Nh2 Rc8 24. Ng4 Rxc1+ 25. Bxc1 Qc8 26. Qg3 Kh7 27. Qf3 Qf8
28. Qd3+ Kh8 29. f4 Qc8 30. Bxa3 Bxa3 31. f5 exf5 32. Ne3 Nc6 33. Nxf5 Nb4 34.
Qf3 Nxa2 35. Qg4 Bf8 36. Nxh6 Qxg4 37. Nxg4 Ba3 38. Ne3 Nb4 39. Kf2 Bb2 40. Kf3
b5 41. Nf4 Bxd4 42. Nexd5 Nxd5 43. Nxd5 Bxe5 44. Ke4 Bg3 45. Kf3 Bd6 46. g4 f6
47. Ke4 Kh7 48. Ne3 a5 49. Kd5 Bh2 50. Nf5 Bg1 51. Nd6 a4 52. bxa4 bxa4 53. Kc4
Bc5 54. Nf5 Bf8 55. Kc3 Kg8 56. Nd4 Kf7 57. Kc4 Ba3 58. Nf5 Bc1 59. Nd4 Be3 60.
Nf5 Bh6 61. Nd4 Ke7 62. Kb4 Kd6 63. Kxa4 Ke5 64. Ne2 Ke4 65. Kb3 Kf3 66. Nd4+
Kxg4 67. Kc3 Kxh5 68. Kd3 Kg4 69. Ke2 g6 70. Kf2 Bf4 71. Kg2 Be5 72. Nf3 g5 73.
Ne1 f5 74. Nf3 Bc3 75. Nh2+ Kf4 76. Nf1 Be1 77. Nh2 g4 78. Nf1 Ke4 79. Nh2 Bh4
80. Nf1 Kd3 81. Nh2 Ke2 82. Nf1 Be1 83. Nh2 Bf2 84. Kh1 Bg3 85. Nf1 Bd6 86. Kg1
f4 87. Nh2 g3 88. Nf1 f3 0-1

[Event "FIDE WGP Ankara 2012"]
[Site "Ankara TUR"]
[Date "2012.09.21"]
[Round "5"]
[White "Koneru, Humpy"]
[Black "Cmilyte, Viktorija"]
[Result "1/2-1/2"]
[WhiteTitle "GM"]
[BlackTitle "GM"]
[WhiteElo "2593"]
[BlackElo "2520"]
[WhiteFideId "5008123"]
[BlackFideId "12801259"]
[EventDate "2012.09.16"]

1. d4 Nf6 2. c4 g6 3. g3 Bg7 4. Bg2 d5 5. cxd5 Nxd5 6. e4 Nb6 7. Ne2 c5 8. d5
O-O 9. O-O e6 10. Nbc3 exd5 11. exd5 Bf5 12. Ne4 Bxe4 13. Bxe4 Re8 14. Bg2 c4
15. Nc3 Na6 16. Be3 Nb4 17. Qd2 Nd3 18. b3 Rc8 19. Bxb6 Qxb6 20. bxc4 Nb2 21.
Rab1 Nxc4 22. Qf4 Qd6 23. Qxd6 Nxd6 24. Nb5 Nxb5 25. Rxb5 b6 26. a4 Bf8 27. a5
Rc5 28. Rxc5 Bxc5 29. axb6 axb6 30. Rd1 Bd6 31. Rb1 Bc5 32. Rd1 Bd6 33. Rb1 Bc5
34. Rd1 Bd6 1/2-1/2

[Event "FIDE WGP Ankara 2012"]
[Site "Ankara TUR"]
[Date "2012.09.22"]
[Round "6"]
[White "Munguntuul, Batkhuyag"]
[Black "Zhao, Xue"]
[Result "0-1"]
[WhiteTitle "IM"]
[BlackTitle "GM"]
[WhiteElo "2434"]
[BlackElo "2549"]
[WhiteFideId "4900758"]
[BlackFideId "8601283"]
[EventDate "2012.09.16"]

1. e4 e5 2. Nf3 Nc6 3. Bb5 a6 4. Ba4 Nf6 5. O-O Be7 6. Qe2 b5 7. Bb3 O-O 8. c3
d6 9. Rd1 Na5 10. Bc2 c5 11. d4 Qc7 12. d5 Nd7 13. Nbd2 Nb6 14. Nf1 c4 15. h3
Nb7 16. Ng3 Re8 17. Nh2 Qd8 18. Ng4 Bg5 19. Qf3 Nc5 20. Nh5 Bxc1 21. Raxc1 Kf8
22. Ne3 Qg5 23. Kh2 Re7 24. g4 g6 25. Ng3 a5 26. a3 Rb8 27. Ne2 Nbd7 28. Rb1 Nf6
29. Rg1 h5 30. Rg2 h4 31. Rgg1 Ba6 32. Ra1 Reb7 33. Rgf1 Kg8 34. Qg2 Nfd7 35.
Ng1 Rb6 36. Kh1 Nf6 37. Ne2 b4 38. axb4 axb4 39. Rad1 Re8 40. f4 exf4 41. Rxf4
Nd3 42. Rdf1 Nxf4 43. Rxf4 bxc3 44. bxc3 Nd7 45. Qf1 Ne5 46. Nd4 Rb2 47. Ng2
Reb8 48. Qa1 Bc8 49. Qa7 Bxg4 50. Nb3 R8xb3 51. Bxb3 Bf3 0-1

[Event "FIDE WGP Ankara 2012"]
[Site "Ankara TUR"]
[Date "2012.09.22"]
[Round "6"]
[White "Ruan, Lufei"]
[Black "Koneru, Humpy"]
[Result "0-1"]
[WhiteTitle "WGM"]
[BlackTitle "GM"]
[WhiteElo "2492"]
[BlackElo "2593"]
[WhiteFideId "8602727"]
[BlackFideId "5008123"]
[EventDate "2012.09.16"]

1. e4 e5 2. Nf3 Nc6 3. d4 exd4 4. Nxd4 Bc5 5. Nb3 Bb4+ 6. c3 Be7 7. c4 Nf6 8. f3
O-O 9. Be2 a5 10. O-O a4 11. Nd4 Bc5 12. Be3 Qe7 13. Nc3 a3 14. b3 Qe5 15. Ncb5
d5 16. Qd2 dxe4 17. Nxc6 bxc6 18. Bxc5 Qxc5+ 19. Qd4 Qg5 20. Nc3 Bh3 21. Qf2
Bxg2 22. Qxg2 Qe3+ 23. Kh1 Qxc3 24. fxe4 Rad8 25. Bf3 Rd2 26. Qg3 Nd7 27. Qxc7
Qe5 28. Qxe5 Nxe5 29. Kg1 Rfd8 30. Rf2 Rb2 31. Kf1 Nxf3 32. Rxf3 Rxh2 0-1

[Event "FIDE WGP Ankara 2012"]
[Site "Ankara TUR"]
[Date "2012.09.23"]
[Round "7"]
[White "Cmilyte, Viktorija"]
[Black "Ruan, Lufei"]
[Result "1/2-1/2"]
[WhiteTitle "GM"]
[BlackTitle "WGM"]
[WhiteElo "2520"]
[BlackElo "2492"]
[WhiteFideId "12801259"]
[BlackFideId "8602727"]
[EventDate "2012.09.16"]

1. d4 d5 2. c4 c6 3. Nf3 Nf6 4. Nc3 dxc4 5. a4 Bf5 6. Ne5 e6 7. f3 c5 8. e4 Bg6
9. Be3 cxd4 10. Qxd4 Qxd4 11. Bxd4 Nfd7 12. Nxd7 Nxd7 13. Bxc4 a6 14. Rd1 Rg8
15. h4 h6 16. h5 Bh7 17. Bb3 Bc5 18. a5 Bb4 19. Ba4 O-O-O 20. Bxd7+ Rxd7 21. Bb6
Bxc3+ 22. bxc3 Rxd1+ 23. Kxd1 Re8 24. Ke2 f6 25. Rd1 Bg8 26. e5 fxe5 27. Ke3 Bh7
28. g4 Bc2 29. Rd2 Ba4 30. Bc5 Bc6 31. c4 Rg8 32. Bd6 Rd8 33. c5 Rd7 34. Rf2 Kd8
35. Bxe5 Ke8 36. f4 Kf7 37. Bd6 g6 38. Rh2 gxh5 39. Rxh5 Kg6 40. Re5 Kf6 41. Kf2
Rh7 42. Kg3 Bd7 43. Kh4 Kg6 44. Rh5 Be8 45. Kg3 Kf6 46. Be5+ Kg6 47. Kf2 Ba4 48.
Ke2 Bb5+ 49. Ke3 Ba4 50. Rh2 Bc6 51. Bd6 h5 52. gxh5+ Rxh5 53. Rxh5 Kxh5 54. Kd4
Kg6 55. Ke5 Kf7 56. Bc7 Bh1 57. Bb6 Bg2 58. Bc7 Bh1 59. Bb6 Bg2 60. Bc7 Bh1 1/2-1/2

[Event "FIDE WGP Ankara 2012"]
[Site "Ankara TUR"]
[Date "2012.09.23"]
[Round "7"]
[White "Koneru, Humpy"]
[Black "Ju, Wenjun"]
[Result "1-0"]
[WhiteTitle "GM"]
[BlackTitle "WGM"]
[WhiteElo "2593"]
[BlackElo "2528"]
[WhiteFideId "5008123"]
[BlackFideId "8603006"]
[EventDate "2012.09.16"]

1. d4 Nf6 2. c4 g6 3. Nc3 Bg7 4. g3 O-O 5. Bg2 d6 6. Nf3 Nc6 7. O-O a6 8. Qc2
Rb8 9. Rd1 Bd7 10. e4 b5 11. e5 dxe5 12. dxe5 Ng4 13. c5 Ngxe5 14. Nxe5 Nxe5 15.
Bf4 Qe8 16. Nd5 c6 17. Nb6 Bf5 18. Qe2 Nc4 19. Bxb8 Qxb8 20. Nd7 Bxd7 21. Rxd7
Bxb2 22. Rad1 Bf6 23. f4 e6 24. Qe4 Qc8 25. Qxc6 Qxc6 26. Bxc6 Rc8 27. Bb7 Rxc5
28. Bxa6 Ne3 29. R1d2 b4 30. Rb7 Nd5 31. Rb8+ Kg7 32. Rc8 Ra5 33. Bc4 Bc3 34.
Re2 Nb6 35. Rc7 Kf6 36. Bb3 h5 37. Kg2 Nd5 38. Rb7 Ne7 39. Re4 Nf5 40. Rd7 Ra6
41. Kf3 Rd6 42. Rxd6 Nxd6 43. Re3 Bd4 44. Re1 g5 45. h3 Nf5 46. Re4 Bc3 47.
fxg5+ Kxg5 48. Rc4 Nd4+ 49. Ke3 e5 50. Rc8 f5 51. Rg8+ Kf6 52. Bd1 Be1 53. Bxh5
Bxg3 54. Rg6+ Ke7 55. Rb6 Be1 56. Kd3 Ne6 57. Kc4 e4 58. Bd1 e3 59. h4 Bxh4 60.
Rxb4 Be1 61. Rb5 f4 62. a4 Kd6 63. a5 Bf2 64. a6 Nc7 65. Rb6+ Ke5 66. Rc6 Na8
67. Bf3 Kf5 68. Kd3 e2 69. Kxe2 Be3 70. Rc8 Nb6 71. Rf8+ Ke5 72. a7 1-0

[Event "FIDE WGP Ankara 2012"]
[Site "Ankara TUR"]
[Date "2012.09.23"]
[Round "7"]
[White "Socko, Monika"]
[Black "Kosintseva, Tatiana"]
[Result "0-1"]
[WhiteTitle "GM"]
[BlackTitle "GM"]
[WhiteElo "2463"]
[BlackElo "2524"]
[WhiteFideId "1106619"]
[BlackFideId "4133471"]
[EventDate "2012.09.16"]

1. d4 Nf6 2. c4 e6 3. Nf3 d5 4. Nc3 Bb4 5. Qa4+ Nc6 6. e3 O-O 7. Bd2 dxc4 8.
Bxc4 Bd6 9. Nb5 Be7 10. O-O a6 11. Nc3 Bd6 12. Qc2 e5 13. d5 Ne7 14. e4 Bg4 15.
Be2 c6 16. Bg5 cxd5 17. Bxf6 gxf6 18. Nxd5 Nxd5 19. exd5 f5 20. Ne1 Rc8 21. Qd1
Bxe2 22. Qxe2 Qf6 23. Nc2 f4 24. Rfc1 Qg6 25. f3 Rc5 26. Qd1 f5 27. Ne1 Qf7 28.
Rxc5 Bxc5+ 29. Kh1 Rd8 30. Qc2 Rxd5 31. Nd3 Be3 32. b4 Kg7 33. Re1 b6 34. Qc3
Qf6 35. Nb2 b5 36. Qc8 Kh6 37. h3 Rd2 38. Nd1 Bd4 39. Qg8 Qg6 40. Qf8+ Kh5 41.
g3 Rh2+ 0-1